| 000 | 00522nam a2200205Ia 4500 | ||
|---|---|---|---|
| 003 | GCL | ||
| 008 | 140319s9999 xx 000 0 eng d | ||
| 020 | _a1872532446 | ||
| 040 |
_aGCL / _cGCL |
||
| 082 | 0 | 4 |
_a759 _bK W |
| 100 | 1 | _aKOCH, HORST | |
| 245 | 1 | 0 |
_aWILLIAM TURNER / _cKOCH, HORST |
| 260 |
_aانجلترا : _bZACHARY KWINTNER BOOKS, LTD. ، _c1988 |
||
| 300 |
_a32 CM ؛ _c146 P |
||
| 650 | 0 | 4 | _aARTS |
| 650 | 0 | 4 | _aPAINTING |
| 650 | 0 | 4 | _aPAINTERS |
| 650 | 0 | 4 | _aTURNER, JOSEPH MALL WILLAM |
| 942 |
_2ddc _cBK |
||
| 999 |
_c5867 _d5867 |
||